Spell the Fantastic Four Member #7 - Statistics

General Stats
  • This quiz has been taken 18 times
  • The average score is 12 of 15
Answer Stats
Picture Answer % Correct
Black Bolt
100%
Luke Cage
100%
Mr. Fantastic
100%
Namor the Sub-Mariner
100%
Okoye
100%
Spider-Man
100%
Wolverine
100%
Iceman
93%
Invisible Woman
93%
Namorita
86%
Valeria Richards
71%
Energizer
64%
Inferno
57%
Agatha Harkness
50%
Iso
21%
No matching quizzes found
Score Distribution
Percent of People with Each Score
Percentile by Number Answered
Your Score History
You have not taken this quiz